U.S. State Trivia by Letter - A - Statistics

General Stats
  • This quiz has been taken 249 times
  • The average score is 20 of 24
Answer Stats
Hint Answer % Correct
First name of President Lincoln Abraham
100%
Largest state by area Alaska
99%
State that borders Florida Alabama
98%
State known for its famous canyon Arizona
96%
What "Hello" and "Goodbye" mean in Hawaii Aloha
94%
Capital of New York Albany
93%
Capital and largest city of Georgia Atlanta
93%
Capital of Texas Austin
93%
State fruit of Washington Apple
90%
Bill Clinton's home state Arkansas
90%
Historic fortress in Texas that will be remembered Alamo
86%
Dangerous weapon that was tested in New Mexico {Atomic} bomb
86%
Religious community that prefers to stay separate from the modern world Amish
83%
Largest city in New Mexico Albuquerque
81%
Capital of Maryland Annapolis
81%
Large mountain trail with territory in 18 states Appalachian
80%
Famous Colorado ski resort Aspen
78%
New Jersey city known for casinos Atlantic City
78%
Classified Air Force facility rumored to have UFOs Area 51
77%
Ohio city where LeBron James was born Akron
75%
Capital of Maine Augusta
75%
University of Michigan city Ann Arbor
69%
Tree-planting holiday that started in Nebraska Arbor Day
60%
Hurricane that struck Florida in 1992 Andrew
57%
No matching quizzes found
Score Distribution
Percent of People with Each Score
Percentile by Number Answered
Your Score History
You have not taken this quiz